Ghislaine /

保存先:
書誌詳細
第一著者: Malot, Hector (autor)
フォーマット: 図書
言語:フランス語
版:2a edición
主題:
タグ: タグ追加
タグなし, このレコードへの初めてのタグを付けませんか!

MARC

LEADER 00000nam^a2200000^a^4500
001 000184922
005 20250526000000.0
009 20260310102133.826
037 |a Acervo ITESO - Biblioteca 
041 |a FRA 
082 |a 843.  |b MAL 
100 |a Malot, Hector  |e (autor) 
245 1 0 |a Ghislaine /  |c H. Malot. 
250 |a 2a edición 
264 |a París, Francia :  |b G. Charpentier,  |c 1887, c1887 
300 |a 376 p. ;  |c 18.5 cm. 
336 |a texto  |b txt  |2 rdacontenido 
337 |a sin mediación  |b n  |2 rdamedio 
338 |a volumen  |b nc  |2 rdasoporte 
545 0 |a Héctor Malot (La Bouille, 1830 – Fontenay-sous-Bois, 1907), escritor francés. Estudió Derecho, pero abandonó pronto la profesión para dedicarse a la literatura y el periodismo. Un prolífico autor cuya prosa es heredera del melodrama romántico, escribió más de 70 libros, entre los que se cuentan la trilogía novelística Les victimes d'amour (Les amants, 1859; Les époux, 1865 y Les enfants, 1869), Aventuras de Roman Kalbris (1869) y la póstuma El grumete (1997). Las obras más famosas del francés son, sin embargo, Sin familia (1878) y En familia (1893), narraciones sobre las desgracias y aventuras de dos huérfanos, que han gozado de gran popularidad entre niños y adolescentes de diferentes épocas. Sin familia ha sido motivo de varias adaptaciones audiovisuales y ha sido difundido en México especialmente a través de Remi (1977), serie televisual de dibujos animados de coproducción japonesa-francesa. 
649 |a XX 
650 |a Novela Francesa 
650 |a Literatura Francesa -  |y Siglo XIX 
910 |a Fondo General 
920 |a Impresos - Libros 
930 |a Libros Antiguos y Raros 
940 |a Literatura 
905 |a 108 
901 |a 0500125815  |b IT2  |c LRA  |u 20250526 
902 |a https://opac.biblio.iteso.mx/vufind/Record/000184922